000 00362nam a2200145Ia 4500
008 100122s9999 xx 000 0 und d
082 _b32370
_a926.36089
100 _aKELIN M
245 _aANIMATS MY TEACHERS
260 _bCOLLINS & HARVILL PRESS
_c1979
300 _a316
630 _aANIMATS MY TEACHERS
730 _aANIMATS MY TEACHERS
942 _cBOOK
999 _c370138
_d370135